<?xml version="1.0" encoding="UTF-8"?>
<marc:record xmlns:marc="http://www.loc.gov/MARC21/slim">
   <marc:leader>00000nam a2200000 a 4500</marc:leader>
   <marc:datafield ind1="1" ind2=" " tag="100">
      <marc:subfield code="a">Hall, Kevin</marc:subfield>
      <marc:subfield code="4">aut</marc:subfield>
      <marc:subfield code="e">Verfasser/-in</marc:subfield>
   </marc:datafield>
   <marc:datafield ind1="0" ind2="0" tag="245">
      <marc:subfield code="a">Roboter</marc:subfield>
   </marc:datafield>
   <marc:datafield ind1="0" ind2="0" tag="245">
      <marc:subfield code="b">30 Ideen mit LEGO-Steinen</marc:subfield>
   </marc:datafield>
   <marc:datafield ind1="0" ind2="0" tag="245">
      <marc:subfield code="c">Kevin Hall</marc:subfield>
   </marc:datafield>
   <marc:datafield ind1=" " ind2="1" tag="264">
      <marc:subfield code="a">München</marc:subfield>
      <marc:subfield code="b">Bassermann</marc:subfield>
   </marc:datafield>
   <marc:datafield ind1=" " ind2=" " tag="250">
      <marc:subfield code="a">1. Auflage</marc:subfield>
   </marc:datafield>
   <marc:datafield ind1="1" ind2=" " tag="520">
      <marc:subfield code="a">Angaben aus der Verlagsmeldung

Roboter. Ab 6 Jahren : 30 Ideen mit klassischen LEGO®-Steinen.Von süßen Androiden bis zu gefährlichen Kampfrobotern Brick Robots / von Kevin Hall

Von süßen Androiden bis zu gefährlichen Kampfrobotern

Jeder liebt LEGO®! Dieses Buch vereint 30 unterschiedliche Roboter-Typen. Jeder Roboter ist in genauen Schritt-für-Schritt-Bauanleitungen dargestellt, sodass kleine LEGO®-Fans sie mit den klassischen Bausteinen leicht nachbauen können: vom freundlichen Helfer Gizmo über Flug- und Spionageroboter bis hin zu Tin Byte, dessen raketenförmiger Körper ihn ins All katapultieren kann. Begleitet werden die Projekte von kleinen informativen Texten.

</marc:subfield>
   </marc:datafield>
   <marc:datafield ind1=" " ind2=" " tag="020">
      <marc:subfield code="a">9783809440451</marc:subfield>
      <marc:subfield code="9">9783809440451</marc:subfield>
   </marc:datafield>
   <marc:datafield ind1=" " ind2=" " tag="020">
      <marc:subfield code="a">3809440450</marc:subfield>
      <marc:subfield code="9">3809440450</marc:subfield>
   </marc:datafield>
   <marc:datafield ind1=" " ind2=" " tag="041">
      <marc:subfield code="a">ger</marc:subfield>
   </marc:datafield>
   <marc:datafield ind1=" " ind2=" " tag="300">
      <marc:subfield code="a">96 Seiten</marc:subfield>
   </marc:datafield>
</marc:record>
